Female Names By Country Of Origin - Statistics

General Stats
  • This quiz has been taken 42 times
  • The average score is 13 of 40
Answer Stats
Name Country % Correct
Elizabeth United Kingdom
100%
Mei Ling China
97%
Gertrude Germany
89%
Juliette France
86%
Yumi Japan
83%
Anastasia Russia
81%
Paola Italy
72%
Carmen Spain
72%
Agnieszka Poland
61%
Ingrid Sweden
61%
Hae-Won Korea
53%
Riikka Finland
39%
Eliška Czech Republic
36%
Maeve Ireland
33%
Fatma Turkey
33%
Margrethe Denmark
31%
Halldóra Iceland
31%
Aisha India
31%
Penelope Greece
28%
Olena Ukraine
28%
Leonor Portugal
22%
Samira Egypt
19%
Réka Hungary
17%
Līga Latvia
17%
Dragana Serbia
17%
Nadezhda Bulgaria
14%
Khadija Saudi Arabia
14%
Leila Iran
11%
Liina Estonia
8%
Nienke Netherlands
8%
Mihaela Romania
8%
Luljeta Albania
6%
Fatou Senegal
6%
Ayunda Indonesia
3%
Giedrė Lithuania
3%
Zara Armenia
0%
Gvantsa Georgia
0%
Beaska Norway
0%
Illari Peru / Bolivia
0%
Patchara Thailand
0%
No matching quizzes found
Score Distribution
Percent of People with Each Score
Percentile by Number Answered
Your Score History
You have not taken this quiz